Bullish affair (Record no. 649)

MARC details
000 -LEADER
fixed length control field 00807cab a2200217 4500
001 - CONTROL NUMBER
control field ABS52979
008 - FIXED-LENGTH DATA ELEMENTS--GENERAL INFORMATION
fixed length control field 090401t1995 xxu||||| |||| 00| 0 eng d
035 ## - SYSTEM CONTROL NUMBER
System control number (Sirsi) u1190
041 0# - LANGUAGE CODE
Language code of text/sound track or separate title eng
100 1# - MAIN ENTRY--PERSONAL NAME
Personal name McLellan, A. G.
245 00 - TITLE STATEMENT
Title Bullish affair
260 ## - PUBLICATION, DISTRIBUTION, ETC.
Date of publication, distribution, etc. 1995
350 ## - PRICE (NR) (BK AM CF MU VM SE) [OBSOLETE]
Price 0
490 #0 - SERIES STATEMENT
Series statement New Builder
Volume/sequential designation (263) 23 June 1995, 23-44(18)
520 ## - SUMMARY, ETC.
Summary, etc. Analysis of the performance of the top 25 contractors, showing a marked increase in the popularity of design and build despite fears of saturation. Discusses the advantages and drawbacks of this method and features projects on the refurbishment of Gilwell Park and the provision of student accommodation at Southampton.
590 ## - LOCAL NOTE (RLIN)
Local note LEAGUE
651 #4 - SUBJECT ADDED ENTRY--GEOGRAPHIC NAME
Geographic name United Kingdom
Chronological subdivision
690 ## - LOCAL SUBJECT ADDED ENTRY--TOPICAL TERM (OCLC, RLIN)
Topical term or geographic name as entry element Procurement
9 (RLIN) 6260
942 ## - ADDED ENTRY ELEMENTS (KOHA)
Suppress in OPAC 0
948 ## - LOCAL PROCESSING INFORMATION (OCLC); SERIES PART DESIGNATOR (RLIN)
c (OCLC) 04/03/1997
Holdings
Withdrawn status Lost status Source of classification or shelving scheme Damaged status Not for loan Home library Current library Shelving location Date acquired Total Checkouts Full call number Barcode Date last seen Copy number Price effective from Koha item type
    Dewey Decimal Classification     London London Journal article 14/09/1999   ABS52979 1190-1001 06/08/2019 1 06/08/2019 Journal article